Experimental methods : an introduction to the analysis persentation of data /
This book is about: Introduction to experimentation; Characteristics of experimental data; Graphical presentation of data; Dealing with uncertainties; Statistical approach to variability in data; ...
Na minha lista:
| Autor principal: | |
|---|---|
| Formato: | Livro |
| Idioma: | English |
| Publicado em: |
Brisbane :
John Wiley and Sons,
1994.
|
| Assuntos: | |
| Tags: |
Adicionar Tag
Sem tags, seja o primeiro a adicionar uma tag!
|
| Thư viện lưu trữ: | Mạng thư viện Đại học Đà Nẵng |
|---|
| LEADER | 01156cam a2200361 i 4500 | ||
|---|---|---|---|
| 001 | 000048746 | ||
| 003 | 8471 | ||
| 005 | 20030409143355.0 | ||
| 008 | 010323|1994 vm 000 eng | ||
| 020 | |a 0471335797 | ||
| 040 | |a IRC |c IRC |d IRC | ||
| 041 | 0 | |a eng | |
| 082 | 1 | 4 | |a 530.078 |b KI-L |
| 100 | 1 | |a Kirkup, L. |q (Les) | |
| 245 | 0 | 0 | |a Experimental methods : |b an introduction to the analysis persentation of data / |c Les Kirkup. |
| 260 | |a Brisbane : |b John Wiley and Sons, |c 1994. | ||
| 300 | |a 216 p. ; |c 23cm. | ||
| 520 | 3 | |a This book is about: Introduction to experimentation; Characteristics of experimental data; Graphical presentation of data; Dealing with uncertainties; Statistical approach to variability in data; ... | |
| 630 | 0 | 4 | |a Physics. |
| 630 | 0 | 4 | |a Laboratory manuals. |
| 650 | 0 | 4 | |a Physics |v Laboratory manuals. |
| 650 | 0 | 4 | |a Physics |x Experiments. |
| 650 | 0 | 4 | |a Physics |x Data processing. |
| OWN | |a DUT | ||
| 999 | |a From the UDN01 | ||
| TYP | |a Monograph | ||
| TYP | |a Printed language | ||
| 980 | |a Mạng thư viện Đại học Đà Nẵng | ||


